Yapısalcılık, göstergebilim ve martı / (Kayıt no. 10290)

MARC ayrıntıları
000 -BAŞLIK
Sabit Uzunluktaki Kontrol Alanı 00835nam a22002297a 4500
003 - KONTROL NUMARASI KİMLİĞİ
Kontrol Alanı KOHA_MİRAKIL
005 - EN SON İŞLEM TARİHİ ve ZAMANI
Kontrol Alanı 20260416092128.0
008 - SABİT UZUNLUKTAKİ VERİ ÖGELERİ - GENEL BİLGİ
Sabit Alan 260416b tu ||||| |||| 00| 0 tur d
020 ## - ISBN - ULUSLARARASI STANDART KİTAP NUMARASI
Isbn 9789755339641
040 ## - KATALOGLAMA KAYNAĞI
Özgün Kataloglama Kurumu TR-AnABB
Kataloglama Dili tur
Çeviri Kurumu TR-AnABB
041 ## - DİL KODU
Metin ya da ses kaydının dil kodu tur
082 ## - DEWEY ONU SINIFLAMA SİSTEMİ
Sınıflama Numarası 401.41
Cutter numarası CON 2021
100 1# - KİŞİ ADI
Yazar Adı (Kişi adı) Çongur, Elif
245 10 - ESER ADI BİLDİRİMİ
Başlık Yapısalcılık, göstergebilim ve martı /
Sorumluluk Bildirimi Elif Congur
246 ## - DEĞİŞİK BAŞLIK FORMU
Başlık uygun / kısa başlık Martı
260 ## - YAYIN, DAĞITIM, VB.
Yayın Yeri Ankara :
Yayınevi İmge Kitabevi,
Yayın Tarihi 2021
300 ## - FİZİKSEL TANIMLAMA
Sayfa, Cilt vb. 229 sayfa ;
Boyutları 20 cm
505 ## - İÇİNDEKİLER NOTU
İçindekiler Notu içindekiler: Yapısalcılığın temelini oluşturan bir kavram olarak dilbilim - Yapısalcılığın oluşumu - Martı adlı oyunda tekrarların yapısalcı yöntem açısından bir gösterge olarak incelemesi
650 04 - KONU BAŞLIĞI EK GİRİŞ - KONU TERİMİ
Konusal terim veya coğrafi ad Yapısal dilbilim
900 ## - YEREL BİLGİ
Kontrol Can ÇELIK
942 ## - EK GİRİŞ ÖGELERİ (KOHA)
Sınıflama Kaynağı Dewey Decimal Classification
Materyal Türü Kitap
Mevcut
Geri Çekilme Durumu Kayıp Durumu Sınıflandırma Kaynağı Kredi için değil Kalıcı Konum Mevcut Konum Kayıt Tarih Toplam Ödünçverme Yer Numarası Demirbaş Numarası Son Görülme Tarihi Fatura Tarihi Materyal Türü
    Dewey Decimal Classification   Prof. Dr. Ruşen Keleş Kütüphanesi Prof. Dr. Ruşen Keleş Kütüphanesi 16/04/2026   401.41 CON 2021 RK7181 16/04/2026 16/04/2026 Kitap